| 000 | 01815cam a22004214i 4500 | ||
|---|---|---|---|
| 003 | PE-LiUPU | ||
| 005 | 20250731172917.0 | ||
| 008 | 150617s r 000 0 d | ||
| 035 | _a(Sirsi) a18932 | ||
| 040 |
_aPE-LiUPU _bspa _cPE-LiUPU _erda |
||
| 049 | _aPRUA | ||
| 082 | 0 | 4 |
_a262.14 _bG941p _223 |
| 100 | 1 |
_aGuffin, Gilberto L, _eautor. |
|
| 245 | 1 | 3 |
_aEl pastor y la iglesia : _bUn manual de deberes pastorales / _cGilberto L. Guffin. |
| 264 | 1 |
_aTexas : _bCasa Bautista de Publicaciones, _c[1955]. |
|
| 300 |
_a133 páginas ; _c19 cm |
||
| 336 |
_atext _2rdacontent |
||
| 337 |
_aunmediated _2rdamedia |
||
| 338 |
_avolume _2rdacarrier |
||
| 505 | 0 | _aLa iglesia: Su organización y sus oficiales -- Hechos básicos acerca de la iglesia -- "Que la iglesia sea lo que debe ser" -- Preparando y utilizando a los diáconos -- El programa de actividades de la iglesia -- Guiando a la iglesia en las misiones -- Edificando la escuela dominical -- Edificando la unión de preparación -- La escuela bíblica de vacaciones -- Preparando en la mayordomía -- Edificando la hermandad -- El pastor y el evangelismo -- La publicidad y las relaciones de la iglesia -- El problema del edificio -- La formulación de una constitución y un reglamento para la iglesia. | |
| 526 | _aSEG42 | ||
| 526 | _aSEG41 | ||
| 526 | _aSEG40 | ||
| 526 | _aSEG39 | ||
| 526 | _aP94 | ||
| 526 | _aP87 | ||
| 526 | _aP86 | ||
| 526 | _aP85 | ||
| 526 | _aP77 | ||
| 526 | _aP76 | ||
| 526 | _aP35 | ||
| 650 | 0 | 4 |
_aIglesia _xOrganización y administración. |
| 910 | _ajck | ||
| 942 |
_2ddc _cBOOK |
||
| 949 |
_a262.14 G93 _wDEWEY _c1 _i05759 _lCCODEBUL1 _mBUL _p00.00 _r0 _sY _tBOOK _u2015-04-22 _xTEOLOGIA _0COMPRA _o.STAFF. Colección General |
||
| 999 |
_c18679 _d18679 |
||
| 980 |
_81 _gALBERTO SANCHEZ Responsable de Automatización |
||